000 00512nam a2200181Ia 4500
005 20250923144348.0
008 008 250917s9999 xx 000 0 eng d
037 _aTextual
040 _aDSWL
_beng
_cDSWL
041 _aeng
_2eng
084 _aX9J::2:N5, J0
_qDSWL
100 _aChand, Mahesh
_9824099
245 0 _aEconomic problems in Indian agriculture
_cby Mahesh Chand
260 _aBombay
300 _a271 p.
942 _cTEXL
_hX9J::2:N5, J0
999 _c1437906
_d1437906